[Event "SportAccord Blitz 2014"]
[Site "Beijing CHN"]
[Date "2014.12.13"]
[Round "22.2"]
[White "Gelfand, Boris"]
[Black "Ponomariov, Ruslan"]
[Result "1-0"]
[WhiteTitle "GM"]
[BlackTitle "GM"]
[WhiteElo "2743"]
[BlackElo "2714"]
[WhiteFideId "2805677"]
[BlackFideId "14103320"]
[EventDate "2014.12.13"]

1. d4 d5 2. c4 e6 3. Nf3 c6 4. e3 Bd6 5. Bd3 f5 6. O-O Nf6 7. b3 Qe7 8. Bb2 O-O
9. Nc3 b6 10. Rc1 Ne4 11. Ne2 Bb7 12. Ne5 c5 13. cxd5 exd5 14. f3 Ng5 15. Ng3 g6
16. f4 Bxe5 17. dxe5 Ne6 18. Be2 Rd8 19. Rf2 Na6 20. Nf1 d4 21. exd4 Nxd4 22.
Bc4+ Kg7 23. Rd2 Nb4 24. a3 Nbc6 25. Ne3 b5 26. Bd5 Rac8 27. b4 Ne6 28. Bxe6
Qxe6 29. Rxc5 Rxd2 30. Qxd2 Rd8 31. Rd5 Rxd5 32. Nxd5 Kf7 33. Nc7 Qe7 34. Nxb5
Ba8 35. Qd5+ Kf8 36. e6 Qd8 37. Qxd8+ Nxd8 38. Nc7 Bb7 39. Bf6 Nc6 40. Nb5 Bc8
41. Nc7 h5 42. Kf2 Ne7 43. Ke3 Bb7 44. Kd4 Bxg2 45. Bxe7+ Kxe7 46. Ke5 h4 47. b5 1-0

[Event "SportAccord Blitz 2014"]
[Site "Beijing CHN"]
[Date "2014.12.13"]
[Round "22.8"]
[White "Dominguez Perez, Leinier"]
[Black "Bacrot, Etienne"]
[Result "1-0"]
[WhiteTitle "GM"]
[BlackTitle "GM"]
[WhiteElo "2726"]
[BlackElo "2718"]
[WhiteFideId "3503240"]
[BlackFideId "605506"]
[EventDate "2014.12.13"]

1. e4 e5 2. Nf3 Nc6 3. Bb5 Nf6 4. d3 d6 5. c3 Bd7 6. O-O g6 7. Nbd2 Bg7 8. Re1
O-O 9. Ba4 Nh5 10. Nf1 Kh8 11. Bb3 Na5 12. Bc2 f5 13. exf5 Bxf5 14. Ne3 Bd7 15.
d4 Nc6 16. h3 Nf4 17. dxe5 Nxe5 18. Nxe5 Bxe5 19. Ng4 Bg7 20. Bxf4 Rxf4 21. Qd5
Bc6 22. Qe6 Qf8 23. Qe7 h5 24. Qg5 hxg4 25. Qxg6 Kg8 26. Qh7+ Kf7 27. Qh5+ Kg8
28. Bh7+ Kh8 29. Bf5+ Bh6 30. Re6 Qxf5 31. Qxh6+ Kg8 32. Rg6+ Kf7 33. Qh7+ Ke8
34. Rg8+ Qf8 35. Re1+ 1-0

[Event "SportAccord Blitz 2014"]
[Site "Beijing CHN"]
[Date "2014.12.13"]
[Round "23.1"]
[White "Nepomniachtchi, Ian"]
[Black "Aronian, Levon"]
[Result "1/2-1/2"]
[WhiteTitle "GM"]
[BlackTitle "GM"]
[WhiteElo "2714"]
[BlackElo "2797"]
[WhiteFideId "4168119"]
[BlackFideId "13300474"]
[EventDate "2014.12.13"]

1. c4 g6 2. g3 Bg7 3. Bg2 c5 4. Nc3 Nc6 5. Nh3 e5 6. O-O d6 7. f4 Nge7 8. d3 O-O
9. fxe5 dxe5 10. Ng5 h6 11. Nf3 Be6 12. e4 Bg4 13. Be3 Nd4 14. Qd2 Bxf3 15. Bxf3
Kh7 16. Bg2 Qd7 17. Rf2 Rad8 18. Raf1 Qe6 19. a3 b6 20. b4 Rd7 21. bxc5 bxc5 22.
Na4 Qc6 23. Qd1 Nc8 24. Bh3 Rb7 25. Nc3 Nb6 26. a4 a5 27. Nb5 Nxb5 28. cxb5 Qd6
29. Qb3 Rc7 30. Rc1 h5 31. Rfc2 Bh6 32. Bxh6 Kxh6 33. Qc3 Ra8 34. Ra2 Kg7 35.
Bf1 f6 36. Kh1 Qe6 37. Rcc2 Qg4 38. Qe1 Qf3+ 39. Kg1 Qg4 40. Qf2 Qe6 41. Ra1 Qd6
42. Kh1 Rd8 43. Qe1 Ra8 44. h4 Qd4 45. Qc3 Qxc3 46. Rxc3 Rd8 47. Rac1 Rd4 48.
Rxc5 Rxc5 49. Rxc5 Nxa4 50. Rc7+ Kh6 51. Bh3 Rxd3 52. Kg2 Rd2+ 53. Kg1 Rd1+ 54.
Kh2 Rd2+ 55. Kg1 Rd3 56. Kh2 Rd2+ 57. Kg1 Rd1+ 58. Kh2 1/2-1/2

[Event "SportAccord Blitz 2014"]
[Site "Beijing CHN"]
[Date "2014.12.13"]
[Round "23.4"]
[White "Wang, Hao"]
[Black "Dominguez Perez, Leinier"]
[Result "1-0"]
[WhiteTitle "GM"]
[BlackTitle "GM"]
[WhiteElo "2710"]
[BlackElo "2726"]
[WhiteFideId "8602883"]
[BlackFideId "3503240"]
[EventDate "2014.12.13"]

1. Nf3 d5 2. g3 Nf6 3. Bg2 e6 4. O-O Be7 5. d4 O-O 6. c4 dxc4 7. Qc2 a6 8. a4
Bd7 9. Rd1 Bc6 10. Nc3 Bxf3 11. Bxf3 Nc6 12. Bxc6 bxc6 13. a5 Rb8 14. Bg5 Ne8
15. Bxe7 Qxe7 16. Na4 Nd6 17. Nc5 Rb5 18. Qc3 Ra8 19. f4 h6 20. e4 Nb7 21. Nxb7
Rxb7 22. Qxc4 Qd6 23. b3 Rb4 24. e5 Rxc4 25. exd6 Rb4 26. dxc7 Rc8 27. Rd3 Rxc7
28. Rc1 Kf8 29. Kf2 Ke7 30. d5 exd5 31. Rxd5 cxd5 32. Rxc7+ Ke6 33. Rc6+ Kf5 34.
Rb6 Rd4 35. Rxa6 Ke4 36. Ke2 Rd3 37. Rb6 Rc3 38. Kd2 Rf3 39. Rb8 Rf2+ 40. Kc3
d4+ 41. Kb4 d3 42. Re8+ Kd4 43. a6 Ra2 44. Kb5 Kc3 45. b4 Rb2 46. Rc8+ Kd4 47.
a7 1-0

[Event "SportAccord Blitz 2014"]
[Site "Beijing CHN"]
[Date "2014.12.13"]
[Round "23.6"]
[White "Vachier-Lagrave, Maxime"]
[Black "Harikrishna, Pentala"]
[Result "1-0"]
[WhiteTitle "GM"]
[BlackTitle "GM"]
[WhiteElo "2758"]
[BlackElo "2727"]
[WhiteFideId "623539"]
[BlackFideId "5007003"]
[EventDate "2014.12.13"]

1. e4 c6 2. d4 d5 3. e5 Bf5 4. Nf3 e6 5. Be2 Ne7 6. O-O Nd7 7. Nbd2 h6 8. Nb3 g5
9. Ne1 Bg7 10. f4 gxf4 11. Bxf4 Qb6 12. Kh1 a5 13. a4 h5 14. Bg5 Bg6 15. Bxe7
Kxe7 16. Bd3 Raf8 17. Qd2 Bh6 18. Qe2 c5 19. dxc5 Nxc5 20. Nxc5 Qxc5 21. Ra3 Qe3
22. Qxe3 Bxe3 23. Rc3 Kd8 24. Nf3 Bxd3 25. Rxd3 Bc5 26. c4 Ke7 27. cxd5 exd5 28.
Rxd5 b6 29. Ng5 Rhg8 30. h4 Be3 31. Nh7 Rg4 32. g3 Rc8 33. Rd3 Rxg3 34. Kh2 Rg7
35. Nf6 Rc2+ 36. Kh3 Bc5 37. Nxh5 Rgg2 38. Nf4 Rh2+ 39. Kg4 Rc4 40. h5 Bd4 41.
b3 Rc3 42. Rxd4 1-0

[Event "SportAccord Blitz 2014"]
[Site "Beijing CHN"]
[Date "2014.12.13"]
[Round "24.4"]
[White "Wojtaszek, Radoslaw"]
[Black "Vachier-Lagrave, Maxime"]
[Result "0-1"]
[WhiteTitle "GM"]
[BlackTitle "GM"]
[WhiteElo "2744"]
[BlackElo "2758"]
[WhiteFideId "1118358"]
[BlackFideId "623539"]
[EventDate "2014.12.13"]

1. Nf3 Nf6 2. c4 g6 3. Nc3 d5 4. cxd5 Nxd5 5. g3 Bg7 6. Bg2 Nc6 7. O-O O-O 8. d4
Bf5 9. Re1 Qd7 10. e4 Nxc3 11. bxc3 Bg4 12. Ba3 Rfe8 13. Rb1 e5 14. d5 Na5 15.
Qd3 b6 16. Nd2 c6 17. c4 c5 18. Bb2 Nb7 19. f3 Bh3 20. Bxh3 Qxh3 21. Bc3 Qd7 22.
Qc2 Nd6 23. a4 Rab8 24. Rb2 Bh6 25. Kg2 f5 26. exf5 Bxd2 27. Bxd2 Nxf5 28. Ra2
Nd6 29. Qd3 Rb7 30. Bc3 Qf5 31. Qxf5 gxf5 32. Rxe5 Rxe5 33. Bxe5 Nxc4 34. Bf4
Rd7 35. Rc2 Na5 36. Re2 Rxd5 37. Re7 Nc6 38. Rc7 Nd4 39. Rxa7 Ne6 40. Bh6 c4 41.
Re7 Rd6 42. Re8+ Kf7 43. Rc8 Nc5 44. Be3 Nxa4 45. Rxc4 b5 46. Rh4 Kg7 47. Rh5
Rd5 48. Rg5+ Kf8 49. Rh5 b4 50. Rxh7 b3 51. Rb7 b2 52. Bh6+ Kg8 53. Bg7 Rd7 54.
Rxd7 b1=Q 0-1

[Event "SportAccord Blitz 2014"]
[Site "Beijing CHN"]
[Date "2014.12.13"]
[Round "24.5"]
[White "Harikrishna, Pentala"]
[Black "Bacrot, Etienne"]
[Result "1/2-1/2"]
[WhiteTitle "GM"]
[BlackTitle "GM"]
[WhiteElo "2727"]
[BlackElo "2718"]
[WhiteFideId "5007003"]
[BlackFideId "605506"]
[EventDate "2014.12.13"]

1. Nf3 d5 2. g3 g6 3. Bg2 Bg7 4. O-O e5 5. d3 Ne7 6. e4 O-O 7. Nbd2 Nbc6 8. c3
a5 9. a4 h6 10. Qc2 Be6 11. b3 g5 12. Ba3 Re8 13. Rfe1 Ng6 14. exd5 Bxd5 15. h3
f5 16. Nc4 e4 17. dxe4 Bxe4 18. Qb2 Qd3 19. Re3 Qd7 20. Rae1 Rad8 21. Qe2 Kh7
22. Ncd2 Bxf3 23. Nxf3 Rxe3 24. Qxe3 Qd3 25. Qe6 Qxc3 26. Qxf5 Nd4 27. Qe4 Qxb3
28. Re3 Qxa4 29. Nxd4 Bxd4 30. Rf3 Qe8 31. Qxb7 Rd7 32. Kh2 Bg7 33. Re3 Qd8 34.
Be4 Rd2 35. Rf3 Qd4 36. Qb1 Rxf2+ 37. Rxf2 Qxf2+ 38. Kh1 Qf6 39. Kg2 a4 40. Qc2
Qe6 41. Bf5 Qf7 42. Be4 h5 43. Qxa4 Qe6 44. Qc2 Kh6 45. Bc1 Ne5 46. h4 Bf6 47.
Qxc7 Qa2+ 48. Kh3 Qe6+ 49. Kg2 Qa2+ 50. Bc2 Qd5+ 51. Kf2 Qf3+ 52. Ke1 Qxg3+ 53.
Kd1 Qg1+ 54. Ke2 Qg2+ 55. Kd1 Qf1+ 56. Kd2 Qf4+ 57. Ke2 Qf3+ 58. Kd2 Qg2+ 59.
Kd1 Qg1+ 60. Ke2 Qh2+ 61. Kd1 Qh1+ 62. Ke2 Qg2+ 63. Kd1 Qf1+ 64. Kd2 Nf3+ 65.
Ke3 Qxc1+ 66. Kxf3 Qf1+ 67. Ke3 Qg1+ 68. Ke2 Qg2+ 69. Ke3 Qh3+ 70. Ke2 Qe6+ 71.
Kd1 Qg4+ 72. Kd2 Qd4+ 73. Ke2 Qe5+ 74. Qxe5 Bxe5 75. hxg5+ Kxg5 1/2-1/2

[Event "SportAccord Blitz 2014"]
[Site "Beijing CHN"]
[Date "2014.12.13"]
[Round "24.6"]
[White "Gelfand, Boris"]
[Black "Nepomniachtchi, Ian"]
[Result "0-1"]
[WhiteTitle "GM"]
[BlackTitle "GM"]
[WhiteElo "2743"]
[BlackElo "2714"]
[WhiteFideId "2805677"]
[BlackFideId "4168119"]
[EventDate "2014.12.13"]

1. Nf3 g6 2. e4 Nf6 3. e5 Nh5 4. d4 d6 5. Bb5+ c6 6. Be2 Bg7 7. O-O O-O 8. Nc3
dxe5 9. Nxe5 Nf6 10. Bg5 Nbd7 11. Qc1 Nb6 12. Rd1 Be6 13. Bh6 Nbd5 14. Nxd5 cxd5
15. Bxg7 Kxg7 16. Qe3 Rc8 17. Qb3 Qd6 18. Re1 Rc7 19. Rad1 Rfc8 20. c3 Nd7 21.
Nf3 f6 22. Qc2 Bf7 23. Bb5 Nf8 24. Re3 a6 25. Bd3 b5 26. Qd2 Rb8 27. Rde1 a5 28.
Qe2 b4 29. Rxe7 bxc3 30. bxc3 Rxc3 31. Ra7 Rc7 32. Rxa5 Re8 33. Qd2 Rxe1+ 34.
Qxe1 Qf4 35. Rc5 Ra7 36. Rc2 Ne6 37. Qe3 Qd6 38. g3 Ra3 39. Qd2 Qb6 40. Rc3 Ra4
41. Rb3 Qa7 42. Bb1 Nxd4 43. Nxd4 Rxd4 44. Qb2 Rd1+ 45. Kg2 Qa6 46. Rb6 Qf1+ 47.
Kf3 d4 48. Bc2 Bd5+ 0-1

[Event "SportAccord Blitz 2014"]
[Site "Beijing CHN"]
[Date "2014.12.13"]
[Round "24.7"]
[White "Dominguez Perez, Leinier"]
[Black "Ponomariov, Ruslan"]
[Result "1-0"]
[WhiteTitle "GM"]
[BlackTitle "GM"]
[WhiteElo "2726"]
[BlackElo "2714"]
[WhiteFideId "3503240"]
[BlackFideId "14103320"]
[EventDate "2014.12.13"]

1. e4 g6 2. d4 Bg7 3. Nc3 d6 4. Be3 a6 5. Qd2 b5 6. O-O-O Bb7 7. h4 Nf6 8. f3 h5
9. Nh3 e6 10. Ng5 Nbd7 11. g3 Qe7 12. Bh3 Nb6 13. b3 Nfd7 14. Ne2 O-O-O 15. Kb1
Kb8 16. Rhe1 c5 17. Qa5 Rc8 18. dxc5 dxc5 19. Bf4+ Ka7 20. Nc3 Bc6 21. Bd6 Qe8
22. e5 c4 23. f4 Bf8 24. Nge4 Bxe4 25. Nxb5+ Kb7 26. Rxe4 axb5 27. Bg2 Bxd6 28.
Rxc4+ Kb8 29. Rxd6 Nxc4 30. Qa8+ Kc7 31. Rc6+ Kd8 32. Rxc8+ Ke7 33. Rxe8+ Rxe8
34. Qa7 1-0

[Event "SportAccord Blitz 2014"]
[Site "Beijing CHN"]
[Date "2014.12.13"]
[Round "25.2"]
[White "Wang, Hao"]
[Black "Bacrot, Etienne"]
[Result "1/2-1/2"]
[WhiteTitle "GM"]
[BlackTitle "GM"]
[WhiteElo "2710"]
[BlackElo "2718"]
[WhiteFideId "8602883"]
[BlackFideId "605506"]
[EventDate "2014.12.13"]

1. Nf3 d5 2. g3 g6 3. Bg2 Bg7 4. O-O e5 5. d3 Ne7 6. Nbd2 O-O 7. e4 Nbc6 8. c3
a5 9. a4 h6 10. Re1 Be6 11. Qc2 g5 12. Nf1 d4 13. N1d2 Ng6 14. Nc4 Qd7 15. cxd4
exd4 16. Qe2 Bxc4 17. dxc4 g4 18. Nd2 d3 19. Qd1 Nd4 20. Ra3 Nc2 21. Rb3 Nxe1
22. Qxe1 c6 23. Nf1 Rad8 24. Bd2 Ne5 25. Ne3 Rfe8 26. Qd1 Qe6 27. Rxb7 Rb8 28.
Rxb8 Rxb8 29. b3 c5 30. Nd5 Nc6 31. Bf4 Rb7 32. Qxd3 Nd4 33. Qd1 Rxb3 34. Be3
Rb2 35. h4 gxh3 36. Bh1 Be5 37. Kh2 Kg7 38. Qh5 Ne2 39. Bxh6+ Kg8 40. Bf4 Nxf4
41. gxf4 Rxf2+ 42. Kg3 Bd4 43. e5 Qg6+ 44. Qxg6+ fxg6 45. Kxh3 g5 46. fxg5 Bxe5
47. Kg4 Ra2 48. Kf5 Bd4 49. Nb6 Kg7 50. Bd5 Rf2+ 51. Ke6 Rb2 52. Nd7 Rb4 53. Kd6
Rxa4 54. Nxc5 Bxc5+ 55. Kxc5 Ra1 56. Kb5 a4 57. c5 a3 58. Kb4 a2 59. Ka3 Rc1 60.
Bxa2 Rxc5 61. Kb4 1/2-1/2

[Event "SportAccord Blitz 2014"]
[Site "Beijing CHN"]
[Date "2014.12.13"]
[Round "25.3"]
[White "Wojtaszek, Radoslaw"]
[Black "Harikrishna, Pentala"]
[Result "0-1"]
[WhiteTitle "GM"]
[BlackTitle "GM"]
[WhiteElo "2744"]
[BlackElo "2727"]
[WhiteFideId "1118358"]
[BlackFideId "5007003"]
[EventDate "2014.12.13"]

1. Nf3 Nf6 2. c4 b6 3. d4 e6 4. a3 Bb7 5. Nc3 Ne4 6. Nxe4 Bxe4 7. Nd2 Bg6 8. e4
Be7 9. Bd3 O-O 10. O-O d5 11. Qe2 Nc6 12. exd5 Nxd4 13. Qe3 Nc2 14. Bxc2 Bxc2
15. dxe6 fxe6 16. Qxe6+ Kh8 17. Nf3 Bf6 18. Bd2 Bxb2 19. Ra2 Bf5 20. Qc6 Bf6 21.
Bf4 Qe8 22. Qxc7 Rf7 23. Qd6 Rd7 24. Qb4 Rc8 25. h3 Qe4 26. Be3 Bxh3 27. Rd2
Rxd2 28. Qxd2 Bxg2 29. Kxg2 Qg4+ 30. Kh2 Qxf3 31. Rd1 h6 32. Qd5 Be5+ 33. Kg1
Qg4+ 34. Kf1 Qxc4+ 35. Qxc4 Rxc4 36. Rd8+ Kh7 37. Ra8 Rc7 38. a4 Kg6 39. Ke2 Kf5
40. a5 bxa5 41. Bxa7 Bc3 42. Bb6 Re7+ 43. Kd3 Bb4 44. Bd4 h5 45. Rf8+ Kg4 46.
Rg8 Kf3 47. Bxg7 Rd7+ 48. Kc4 Kxf2 49. Rh8 Rxg7 0-1

[Event "SportAccord Blitz 2014"]
[Site "Beijing CHN"]
[Date "2014.12.13"]
[Round "25.4"]
[White "Vachier-Lagrave, Maxime"]
[Black "Leko, Peter"]
[Result "1/2-1/2"]
[WhiteTitle "GM"]
[BlackTitle "GM"]
[WhiteElo "2758"]
[BlackElo "2723"]
[WhiteFideId "623539"]
[BlackFideId "703303"]
[EventDate "2014.12.13"]

1. e4 e5 2. Nf3 Nc6 3. Bb5 Nf6 4. d3 Bc5 5. O-O d6 6. c3 O-O 7. h3 Ne7 8. d4 Bb6
9. dxe5 dxe5 10. Qc2 Ng6 11. Na3 c6 12. Be2 h6 13. Nc4 Bc7 14. Rd1 Qe7 15. b3
Nf4 16. Ba3 Nxe2+ 17. Qxe2 c5 18. Ne3 b6 19. c4 Bb7 20. Nd5 Nxd5 21. cxd5 Bd6
22. Bb2 Bc8 23. Nd2 Bd7 24. Nc4 f6 25. Rac1 Kh8 26. a4 Rab8 27. Qe3 Bc8 28. Ba3
Ba6 29. Qd2 Bxc4 30. Rxc4 f5 31. exf5 Rxf5 32. Qd3 Rbf8 33. Rf1 Qf7 34. f3 e4
35. Rxe4 Rxd5 36. Qe2 Bf4 37. Bc1 Bxc1 38. Rxc1 Rfd8 39. Re1 Rd2 40. Qc4 Qxc4
41. bxc4 R8d7 42. a5 R2d4 43. axb6 axb6 44. Kf2 Kg8 45. Rb1 R7d6 46. Rxd4 Rxd4
47. Rxb6 Rxc4 48. Rc6 Rc2+ 49. Kg3 c4 50. Rc7 c3 51. h4 h5 52. Kf4 Rxg2 53. Rxc3 1/2-1/2

[Event "SportAccord Blitz 2014"]
[Site "Beijing CHN"]
[Date "2014.12.13"]
[Round "26.1"]
[White "Aronian, Levon"]
[Black "Vachier-Lagrave, Maxime"]
[Result "1-0"]
[WhiteTitle "GM"]
[BlackTitle "GM"]
[WhiteElo "2797"]
[BlackElo "2758"]
[WhiteFideId "13300474"]
[BlackFideId "623539"]
[EventDate "2014.12.13"]

1. Nf3 Nf6 2. c4 g6 3. Nc3 d5 4. cxd5 Nxd5 5. e4 Nxc3 6. bxc3 Bg7 7. Be2 c5 8.
O-O Nc6 9. Qa4 O-O 10. Ba3 Bg4 11. Rfd1 Bd7 12. Qc2 Qa5 13. Qb3 Rfd8 14. Bb2 Qc7
15. d4 Na5 16. Qa3 Rac8 17. d5 b5 18. Rab1 Rb8 19. c4 Bxb2 20. Qxb2 Nxc4 21.
Bxc4 bxc4 22. Qc3 Rxb1 23. Rxb1 Rb8 24. Rc1 Qf4 25. Re1 Rb4 26. Ne5 Qf6 27. h3
h5 28. Rc1 Bb5 29. g3 h4 30. g4 a5 31. Kg2 g5 32. Re1 Be8 33. Re3 a4 34. Nxc4
Qd4 35. Nd2 Rb2 36. Nf3 Qxc3 37. Rxc3 Rxa2 38. Nxg5 a3 39. Rxc5 Ba4 40. Ra5 Bb3
41. e5 Ra1 42. d6 exd6 43. exd6 a2 44. Ne4 Bd5 45. Rxd5 Rg1+ 46. Kxg1 a1=Q+ 47.
Kg2 Qa8 48. Rd4 Qd8 49. d7 Kg7 50. Nd6 1-0

[Event "SportAccord Blitz 2014"]
[Site "Beijing CHN"]
[Date "2014.12.13"]
[Round "26.2"]
[White "Leko, Peter"]
[Black "Wojtaszek, Radoslaw"]
[Result "1/2-1/2"]
[WhiteTitle "GM"]
[BlackTitle "GM"]
[WhiteElo "2723"]
[BlackElo "2744"]
[WhiteFideId "703303"]
[BlackFideId "1118358"]
[EventDate "2014.12.13"]

1. d4 Nf6 2. c4 e6 3. Nf3 b6 4. g3 Bb7 5. Bg2 Be7 6. O-O O-O 7. Re1 Na6 8. Nc3
Ne4 9. Bd2 d5 10. cxd5 exd5 11. Rc1 Re8 12. Bf4 c5 13. a3 Bf6 14. Be5 Bxe5 15.
Nxe5 cxd4 16. Qxd4 Nac5 17. Rcd1 Nxc3 18. Qxc3 Qf6 19. Ng4 Qxc3 20. bxc3 Rad8
21. Ne3 Ne4 22. Rd3 Ba6 23. Bxe4 dxe4 24. Rxd8 Rxd8 25. c4 h5 26. Rc1 Rd2 27.
Kf1 Ra2 28. Rc3 Ra1+ 29. Kg2 Ra2 30. Kf1 Ra1+ 31. Kg2 1/2-1/2

[Event "SportAccord Blitz 2014"]
[Site "Beijing CHN"]
[Date "2014.12.13"]
[Round "26.3"]
[White "Harikrishna, Pentala"]
[Black "Wang, Hao"]
[Result "1-0"]
[WhiteTitle "GM"]
[BlackTitle "GM"]
[WhiteElo "2727"]
[BlackElo "2710"]
[WhiteFideId "5007003"]
[BlackFideId "8602883"]
[EventDate "2014.12.13"]

1. Nf3 d5 2. d4 Nf6 3. c4 c6 4. Nc3 dxc4 5. a4 Bf5 6. Ne5 Nbd7 7. Nxc4 Nb6 8.
Ne5 a5 9. e3 g6 10. Bd3 Be6 11. O-O Bg7 12. h3 O-O 13. Nf3 Nfd5 14. Nxd5 Nxd5
15. Bd2 Qb6 16. Bc3 Nb4 17. Be2 Bf5 18. Qd2 Rfd8 19. Bc4 h6 20. Qe2 Be4 21. Nd2
Bd5 22. e4 Bxc4 23. Nxc4 Qa6 24. Rfd1 b5 25. axb5 Qxb5 26. Kf1 e6 27. Ne3 Bf8
28. Ng4 Bg7 29. Ne3 h5 30. Nc4 Bf8 31. Ne5 Rdc8 32. Nd7 Rd8 33. Nf6+ Kh8 34. d5
Bg7 35. d6 Qg5 36. Bxb4 axb4 37. Rxa8 Rxa8 38. Nd7 Rd8 39. Nb6 b3 40. Nc4 Qb5
41. g3 c5 42. e5 Kg8 43. Kg2 Bf8 44. Qe4 Qb4 45. Rd3 Qb5 46. Rf3 Rb8 47. Rd3 Qd7
48. Qf3 Rb4 49. Nd2 Bg7 50. Nxb3 Rb5 51. Qe4 c4 52. Qxc4 Bxe5 53. Qe4 Bxd6 54.
Nd2 Rd5 55. Rxd5 exd5 56. Qxd5 Qe7 57. Ne4 Be5 58. b4 Kg7 59. b5 Bb8 60. b6 f5
61. Nc5 Bd6 62. Ne6+ Kf6 63. Nd4 Qe5 64. Qc4 Qe4+ 65. Kg1 h4 66. gxh4 Qe1+ 67.
Kg2 Qe4+ 68. Kf1 Qh1+ 69. Ke2 Qe4+ 70. Kd2 Be5 71. Qc6+ Qxc6 72. Nxc6 Bf4+ 73.
Kd3 Kg7 74. b7 Kh6 75. Ke2 Kh5 76. Kf3 Bc7 77. b8=Q Bxb8 78. Nxb8 1-0

[Event "SportAccord Blitz 2014"]
[Site "Beijing CHN"]
[Date "2014.12.13"]
[Round "26.4"]
[White "Bacrot, Etienne"]
[Black "Ponomariov, Ruslan"]
[Result "0-1"]
[WhiteTitle "GM"]
[BlackTitle "GM"]
[WhiteElo "2718"]
[BlackElo "2714"]
[WhiteFideId "605506"]
[BlackFideId "14103320"]
[EventDate "2014.12.13"]

1. d4 d6 2. e4 g6 3. Bc4 Bg7 4. Nf3 Nf6 5. Qe2 O-O 6. O-O Bg4 7. h3 Bxf3 8. Qxf3
Nc6 9. c3 e5 10. Rd1 Nd7 11. Be3 Qe7 12. Na3 Nb6 13. Bb5 f5 14. Bxc6 bxc6 15.
exf5 e4 16. f6 Rxf6 17. Qe2 Rf5 18. c4 Nd7 19. d5 cxd5 20. cxd5 Nf6 21. Rac1
Rxd5 22. Nb5 Rxd1+ 23. Qxd1 d5 24. Rxc7 Qb4 25. Nc3 Rd8 26. Bd4 Ne8 27. Rxg7+
Nxg7 28. Bf6 Rd7 29. g4 Qd6 30. g5 Nh5 31. Bd4 Qe6 32. Qb3 Qxh3 33. Qb8+ Kf7 34.
Qe5 Qg4+ 35. Kf1 Qf5 36. Qh8 Ke7 37. Bc5+ Kf7 38. Nb5 Qxg5 39. Qf8+ Ke6 40. Nd4+
Ke5 41. Nc6+ Ke6 42. Qe8+ Re7 43. Qxe7+ Qxe7 44. Nxe7 Nf4 45. Nc6 a6 46. b4 h5
47. a4 h4 48. Nb8 g5 49. Be3 d4 50. Bxf4 gxf4 51. Nxa6 d3 52. Nc5+ Kd5 53. a5 h3
54. Nb3 e3 55. fxe3 fxe3 56. a6 d2 57. Ke2 h2 58. a7 d1=Q+ 59. Kxd1 h1=Q+ 60.
Ke2 Kc4 61. Na5+ Kb5 0-1

[Event "SportAccord Blitz 2014"]
[Site "Beijing CHN"]
[Date "2014.12.13"]
[Round "26.6"]
[White "Dominguez Perez, Leinier"]
[Black "Nepomniachtchi, Ian"]
[Result "0-1"]
[WhiteTitle "GM"]
[BlackTitle "GM"]
[WhiteElo "2726"]
[BlackElo "2714"]
[WhiteFideId "3503240"]
[BlackFideId "4168119"]
[EventDate "2014.12.13"]

1. e4 c5 2. Nf3 d6 3. d4 cxd4 4. Nxd4 Nf6 5. Nc3 a6 6. f3 e5 7. Nb3 Be6 8. Be3
Nbd7 9. Qd2 Be7 10. O-O-O h5 11. Nd5 Bxd5 12. exd5 Nb6 13. Qa5 Nfd7 14. Kb1 Rc8
15. Qb4 Qc7 16. c3 Bd8 17. Be2 Nf6 18. Qa5 O-O 19. g3 Re8 20. h3 Nbd7 21. Qxc7
Bxc7 22. c4 Bb6 23. Bxb6 Nxb6 24. Na5 Rc7 25. b4 e4 26. f4 e3 27. Rc1 Ne4 28.
Rhg1 g6 29. Kb2 Rec8 30. Rc2 Nxd5 31. a3 Ne7 32. g4 hxg4 33. hxg4 d5 34. Rd1 b6
35. Nb3 dxc4 36. Nd4 b5 37. Nf3 Nf2 38. Rd4 Nxg4 39. Rd6 Rc6 40. Rd7 Nf5 41. Ng5
Ngh6 42. Bf3 R6c7 43. Rd1 Kg7 44. a4 Ng8 45. axb5 axb5 46. Rd5 Rb8 47. Kc3 Nge7
48. Rd1 Ra7 49. Kb2 Rb6 50. Rh2 Nh6 51. Rd8 Rba6 52. Re2 Ra2+ 53. Kc3 R7a3+ 54.
Kd4 Nhf5+ 55. Kc5 Rxe2 56. Bxe2 Ra2 57. Bg4 c3 58. Rd1 Rf2 59. Kxb5 Rxf4 60. Be2
Nd4+ 0-1

[Event "SportAccord Blitz 2014"]
[Site "Beijing CHN"]
[Date "2014.12.13"]
[Round "27.1"]
[White "Ponomariov, Ruslan"]
[Black "Wang, Hao"]
[Result "1/2-1/2"]
[WhiteTitle "GM"]
[BlackTitle "GM"]
[WhiteElo "2714"]
[BlackElo "2710"]
[WhiteFideId "14103320"]
[BlackFideId "8602883"]
[EventDate "2014.12.13"]

1. d4 d5 2. c4 c6 3. Nf3 Nf6 4. Nc3 dxc4 5. a4 Bf5 6. e3 e6 7. Bxc4 Bb4 8. O-O
Nbd7 9. Qe2 Bg4 10. h3 Bxf3 11. Qxf3 O-O 12. Rd1 Rc8 13. e4 e5 14. Be3 Qe7 15.
d5 cxd5 16. Nxd5 Nxd5 17. Bxd5 Nb6 18. Bb3 Nc4 19. Bxc4 Rxc4 20. Bxa7 Rfc8 21.
Qf5 g6 22. Qd7 Kf8 23. Be3 h5 24. Bh6+ Kg8 25. Qxe7 Bxe7 26. Rd7 Bc5 27. Rxb7
Rxe4 28. Kf1 Rc4 29. Rc1 Rxc1+ 30. Bxc1 Bxf2 31. Kxf2 Rxc1 32. a5 Ra1 33. b4
Ra2+ 34. Ke3 f5 35. Rb6 Kg7 36. a6 Ra3+ 37. Ke2 f4 38. b5 e4 39. Re6 Ra2+ 40.
Ke1 Ra1+ 41. Kd2 Ra2+ 42. Kc3 f3 43. gxf3 exf3 44. Re1 g5 45. Rb1 f2 46. Kd3 Rb2
47. Ra1 Ra2 48. Rf1 g4 49. hxg4 hxg4 50. Ke3 Ra5 51. Rxf2 Rxb5 52. Ra2 Rb8 53.
Ra4 Kf6 54. Rxg4 Ra8 55. Rh4 Ke5 56. Rh6 Kd5 57. Kd3 Kc5 58. Kc3 Kb5 59. Rg6
Rxa6 60. Rxa6 Kxa6 1/2-1/2

[Event "SportAccord Blitz 2014"]
[Site "Beijing CHN"]
[Date "2014.12.13"]
[Round "27.6"]
[White "Vachier-Lagrave, Maxime"]
[Black "Gelfand, Boris"]
[Result "1/2-1/2"]
[WhiteTitle "GM"]
[BlackTitle "GM"]
[WhiteElo "2758"]
[BlackElo "2743"]
[WhiteFideId "623539"]
[BlackFideId "2805677"]
[EventDate "2014.12.13"]

1. d4 Nf6 2. c4 e6 3. Nf3 d5 4. Nc3 c6 5. g3 Nbd7 6. Bg2 dxc4 7. O-O Be7 8. a4
O-O 9. Nd2 e5 10. Nxc4 exd4 11. Qxd4 Nc5 12. Qxd8 Rxd8 13. Be3 Nb3 14. Rad1 Be6
15. Ne5 Bc5 16. Bxc5 Nxc5 17. b4 Ncd7 18. Nd3 Rac8 19. Rc1 Bc4 20. Nb2 Bb3 21.
Nd3 Bc4 22. Rfd1 Bb3 23. Re1 Bc4 24. Nb2 Bb3 25. h3 a5 26. bxa5 Nc5 27. Nd3 Nxd3
28. exd3 Rxd3 29. Re7 Rb8 30. Bf1 Rd7 31. Rxd7 Nxd7 32. Ne4 Bxa4 33. Nd6 Kf8 34.
Rb1 Nc5 35. a6 b5 36. a7 Ra8 37. Rc1 Ne6 38. Rxc6 Rxa7 39. Bxb5 Bxb5 40. Nxb5 1/2-1/2

[Event "SportAccord Blitz 2014"]
[Site "Beijing CHN"]
[Date "2014.12.13"]
[Round "27.7"]
[White "Leko, Peter"]
[Black "Harikrishna, Pentala"]
[Result "1/2-1/2"]
[WhiteTitle "GM"]
[BlackTitle "GM"]
[WhiteElo "2723"]
[BlackElo "2727"]
[WhiteFideId "703303"]
[BlackFideId "5007003"]
[EventDate "2014.12.13"]

1. e4 e5 2. Nf3 Nc6 3. Bb5 a6 4. Ba4 Nf6 5. O-O Be7 6. Re1 d6 7. c3 Bg4 8. d3
Nd7 9. Be3 h6 10. Nbd2 Bg5 11. Nf1 Bxe3 12. Nxe3 Bh5 13. Nf5 Qf6 14. Re3 b5 15.
Bc2 O-O 16. Ng3 Bg6 17. b4 Nb6 18. Bb3 Rad8 19. Qc2 d5 20. a3 Rd6 21. Rae1 Rfd8
22. h3 dxe4 23. Nxe4 Bxe4 24. dxe4 Ne7 25. c4 bxc4 26. Bxc4 Nxc4 27. Qxc4 Rc6
28. Qb3 Ng6 29. g3 Nf8 30. Rc3 Rxc3 31. Qxc3 Ne6 32. Kg2 c5 33. bxc5 Rc8 34.
Qxe5 Qxe5 35. Nxe5 Rxc5 36. Ng4 h5 37. Ne3 Rc3 38. Ra1 Nc5 39. Kf3 a5 40. h4 g6
41. e5 Kf8 42. Ke2 Ne6 43. Kd2 Rb3 44. Kc2 Nd4+ 45. Kd2 Nf3+ 46. Kc2 Nd4+ 47.
Kd2 Nf3+ 48. Kc2 1/2-1/2